|
|
แสดงรายละเอียดบรรณานุกรม |
|
|
Brief Record
: Get Marc (ISO 2709)
: E-mail record
: |
| LEADER 00000nama 2200000uu 4500 | |||
| 001 188294 | |||
| 003 ULIBM | |||
| 008 040531s2543 th m m a000 0 tha d | |||
| 020 974-85858-0-8 | |||
| 041 tha | |||
| 050 HD37 ช485ท | |||
| 100 ชาญชัย อาจินสมาจาร | |||
| 245 ทักษะการบริหารทีมงาน 001 | |||
| 246 การบริหาร | |||
| 260 กรุงเทพฯ เอกซเปอร์เน็ท 2543 | |||
| 300 82 หน้า | |||
| 650 ทีมงาน - การบริหาร | |||
| 998 2002-10-02 | |||
| คุณยังไม่ได้ล็อกอิน คุณสามารถมีกิจกรรมร่วมกับเว็บไซต์ได้ แต่ต้องล็อกอินก่อน :: |
|
| สถานะ | |||||||||
| 1. | หนังสือทั่วไป | HD37 ช485ท 2543 | On Shelf ขอยืม | ||||||
| [แสดง 1/1 รายการ] | |||||||||
| รายการใกล้เคียง ผู้แต่ง [ชาญชัย อาจินสมาจาร]
|
BibComment |
| คอมเมนท์ทรัพยากรรายการนี้ |
|
|